000 00417nam a2200169 a 4500
001 26990
005 20180713225626.0
008 140415s1992 mx 000 0 spa d
020 _a9684227755
041 _aspa
082 _a658.404
100 1 _aBaca Urbina, Gabriel,.
245 1 0 _aEVALUACION PROYECTOS
250 _a2° EDICIÓN
260 _aMEXICO :
_bMC GRAW HILL,
_c1992
520 _aCG
999 _c26990
_d26990